Seattle Seahawks Coaching Staff Since 2000 - Statistics

General Stats
  • This quiz has been taken 3 times
  • The average score is 29 of 104
Answer Stats
Hint Answer % Correct
2025 OC Klint Kubiak
100%
2000 HC Mike Holmgren
100%
2001 HC Mike Holmgren
100%
2002 HC Mike Holmgren
100%
2003 HC Mike Holmgren
100%
2004 HC Mike Holmgren
100%
2005 HC Mike Holmgren
100%
2006 HC Mike Holmgren
100%
2007 HC Mike Holmgren
100%
2008 HC Mike Holmgren
100%
2024 HC Mike Macdonald
100%
2025 HC Mike Macdonald
100%
2010 HC Pete Carroll
100%
2011 HC Pete Carroll
100%
2012 HC Pete Carroll
100%
2013 HC Pete Carroll
100%
2014 HC Pete Carroll
100%
2015 HC Pete Carroll
100%
2016 HC Pete Carroll
100%
2017 HC Pete Carroll
100%
2018 HC Pete Carroll
100%
2019 HC Pete Carroll
100%
2020 HC Pete Carroll
100%
2021 HC Pete Carroll
100%
2022 HC Pete Carroll
100%
2023 HC Pete Carroll
100%
2009 HC Jim Mora Jr./Jim Mora
67%
2024 DC Aden Durde
33%
2025 DC Aden Durde
33%
2024 STC Jay Harbaugh
33%
2024 OC Ryan Grubb
33%
2021 OC Shane Waldron
33%
2022 OC Shane Waldron
33%
2023 OC Shane Waldron
33%
2005 STC Bob Casullo
0%
2006 STC Bob Casullo
0%
2010 STC Brian Schneider
0%
2011 STC Brian Schneider
0%
2012 STC Brian Schneider
0%
2013 STC Brian Schneider
0%
2014 STC Brian Schneider
0%
2015 STC Brian Schneider
0%
2016 STC Brian Schneider
0%
2017 STC Brian Schneider
0%
2018 STC Brian Schneider
0%
2019 STC Brian Schneider
0%
2020 STC Brian Schneider
0%
2018 OC Brian Schottenheimer
0%
2019 OC Brian Schottenheimer
0%
2020 OC Brian Schottenheimer
0%
2007 STC Bruce DeHaven
0%
2008 STC Bruce DeHaven
0%
2009 STC Bruce DeHaven
0%
2022 DC Clint Hurtt
0%
2023 DC Clint Hurtt
0%
2013 DC Dan Quinn
0%
2014 DC Dan Quinn
0%
2011 OC Darrell Bevell
0%
2012 OC Darrell Bevell
0%
2013 OC Darrell Bevell
0%
2014 OC Darrell Bevell
0%
2015 OC Darrell Bevell
0%
2016 OC Darrell Bevell
0%
2017 OC Darrell Bevell
0%
2000 OC Gil Haskell
0%
2001 OC Gil Haskell
0%
2002 OC Gil Haskell
0%
2003 OC Gil Haskell
0%
2004 OC Gil Haskell
0%
2005 OC Gil Haskell
0%
2006 OC Gil Haskell
0%
2007 OC Gil Haskell
0%
2008 OC Gil Haskell
0%
2009 OC Greg Knapp
0%
2009 DC Gus Bradley
0%
2010 DC Gus Bradley
0%
2011 DC Gus Bradley
0%
2012 DC Gus Bradley
0%
2010 OC Jeremy Bates
0%
2006 DC John Marshall
0%
2007 DC John Marshall
0%
2008 DC John Marshall
0%
2018 DC Ken Norton
0%
2019 DC Ken Norton
0%
2020 DC Ken Norton
0%
2021 DC Ken Norton
0%
2015 DC Kris Richard
0%
2016 DC Kris Richard
0%
2017 DC Kris Richard
0%
2020 STC* Larry Izzo
0%
2021 STC Larry Izzo
0%
2022 STC Larry Izzo
0%
2023 STC Larry Izzo
0%
2004 STC Mark Michaels
0%
2000 STC Pete Rodriguez
0%
2001 STC Pete Rodriguez
0%
2002 STC Pete Rodriguez
0%
2003 STC Pete Rodriguez
0%
2003 DC Ray Rhodes
0%
2004 DC Ray Rhodes
0%
2005 DC Ray Rhodes
0%
2000 DC Steve Sidwell
0%
2001 DC Steve Sidwell
0%
2002 DC Steve Sidwell
0%
No matching quizzes found
Score Distribution
Percent of People with Each Score
Percentile by Number Answered
Your Score History
You have not taken this quiz